000 00553nam a22001455i 4500
001 174948
003 ES-MaACL
005 20230906215713.0
008 100727s1889 it |||| | ita d
100 1 _aFavaro, Antonio.
_948989
245 1 0 _aPer la edizione nazionale delle opere di Galileo Galilei sotto gli auspici di S. M. il re d'Italia
_b: indice alfabetico e topografico del commercio epistolare /
_c[Antonio Favaro].
260 _aFirenze :
_b[s.n.],
_c1889 (
_fTip. di G. Barbèra)
300 _a23 p. ;
_c30 cm.
852 _aES-MaACL
_jT-501-F-4
999 _c174948
_d174948